000 00676nam a2200205 a 4500
005 20140310183345.0
008 070205s19uu xx 00 eng d
020 _a9780471677970
050 _aLC 3981
_b.Sp577 2006
100 _aJanzen, Elaine Fletcher, edited by
245 _aThe Special Education Almanac.
260 _aU.S.A :
_bJohn Wiley & Sons, Inc,
_c2006.
300 _a562 p. :
_bill. ;
_c27 cm.
521 _aEDU
650 _aSpecial education
_xUnited States
_xHandbooks, manuals, etc.
650 _aChildren with disabilities
_xEducation
_xUnited States
_xHandbooks, manuals, etc.
700 _aReynolds, Cecil R.
942 _cBK
_2lcc
_kFOR
999 _c21921
_d21921